日本の国立大学附属校 - Statistics

General Stats
  • This quiz has been taken 36 times
  • The average score is 20 of 257
Answer Stats
都道府県 学校種 校名 % Correct
茨城 中学校 筑波大学附属高等学校
41%
茨城 高等学校 筑波大学附属駒場高等学校
41%
北海道 小学校 北海道教育大学附属札幌小学校
37%
北海道 中学校 北海道教育大学附属函館中学校
33%
北海道 中学校 北海道教育大学附属札幌中学校
30%
北海道 幼稚園 北海道教育大学附属旭川幼稚園
30%
北海道 中学校 北海道教育大学附属旭川中学校
30%
茨城 中学校 筑波大学附属中学校
30%
東京 高等学校 東京学芸大学附属高等学校
30%
北海道 小学校 北海道教育大学附属旭川小学校
26%
北海道 小学校 北海道教育大学附属函館小学校
26%
北海道 特別支援学校 北海道教育大学附属特別支援学校
26%
茨城 小学校 筑波大学附属小学校
26%
茨城 中学校 筑波大学附属駒場中学校
26%
東京 小学校 東京学芸大学附属竹早小学校
26%
東京 中学校 東京学芸大学附属竹早中学校
26%
東京 小学校 東京学芸大学附属世田谷小学校
22%
東京 中学校 東京学芸大学附属世田谷中学校
22%
東京 小学校 お茶の水女子大学附属小学校
22%
東京 高等学校 お茶の水女子大学附属高等学校
22%
北海道 幼稚園 北海道教育大学附属函館幼稚園
19%
青森 特別支援学校 弘前大学教育学部附属特別支援学校
19%
岩手 特別支援学校 岩手大学教育学部附属特別支援学校
19%
宮城 特別支援学校 宮城教育大学附属特別支援学校
19%
秋田 特別支援学校 秋田大学教育文化学部附属特別支援学校
19%
東京 小学校 東京学芸大学附属小金井小学校
19%
東京 中学校 東京学芸大学附属小金井中学校
19%
東京 中等教育学校 東京学芸大学附属国際中等教育学校
19%
東京 中学校 お茶の水女子大学附属中学校
19%
神奈川 小学校 横浜国立大学教育学部附属横浜小学校
19%
青森 小学校 弘前大学教育学部附属小学校
15%
岩手 小学校 岩手大学教育学部附属小学校
15%
東京 中等教育学校 東京大学教育学部附属中等教育学校
15%
神奈川 小学校 横浜国立大学教育学部附属鎌倉小学校
15%
神奈川 中学校 横浜国立大学教育学部附属横浜中学校
15%
大阪 高等学校 大阪教育大学附属高等学校天王寺校舎
15%
北海道 義務教育学校 北海道教育大学附属釧路義務教育学校
11%
岩手 中学校 岩手大学教育学部附属中学校
11%
山形 特別支援学校 山形大学附属特別支援学校
11%
福島 特別支援学校 福島大学附属特別支援学校
11%
茨城 特別支援学校 筑波大学附属大塚特別支援学校
11%
東京 小学校 東京学芸大学附属大泉小学校
11%
東京 特別支援学校 東京学芸大学附属特別支援学校
11%
神奈川 中学校 横浜国立大学教育学部附属鎌倉中学校
11%
大阪 小学校 大阪教育大学附属池田小学校
11%
大阪 高等学校 大阪教育大学附属高等学校池田校舎
11%
兵庫 中等教育学校 神戸大学附属中等教育学校
11%
岡山 中学校 岡山大学教育学部附属中学校
11%
広島 小学校 広島大学附属小学校
11%
広島 中学校 広島大学附属中学校
11%
広島 高等学校 広島大学附属高等学校
11%
広島 中学校 広島大学附属福山中学校
11%
広島 高等学校 広島大学附属福山高等学校
11%
長崎 特別支援学校 長崎大学教育学部附属特別支援学校
11%
青森 幼稚園 弘前大学教育学部附属幼稚園
7%
青森 中学校 弘前大学教育学部附属中学校
7%
岩手 幼稚園 岩手大学教育学部附属幼稚園
7%
宮城 幼稚園 宮城教育大学附属幼稚園
7%
宮城 小学校 宮城教育大学附属小学校
7%
秋田 幼稚園 秋田大学教育文化学部附属幼稚園
7%
秋田 中学校 秋田大学教育文化学部附属中学校
7%
茨城 中学校 茨城大学教育学部附属中学校
7%
茨城 高等学校 筑波大学附属坂戸高等学校
7%
群馬 小学校 群馬大学共同教育学部附属小学校
7%
群馬 中学校 群馬大学共同教育学部附属中学校
7%
埼玉 幼稚園 埼玉大学教育学部附属幼稚園
7%
埼玉 小学校 埼玉大学教育学部附属小学校
7%
埼玉 中学校 埼玉大学教育学部附属中学校
7%
千葉 幼稚園 千葉大学教育学部附属幼稚園
7%
千葉 小学校 千葉大学教育学部附属小学校
7%
千葉 中学校 千葉大学教育学部附属中学校
7%
千葉 特別支援学校 千葉大学教育学部附属特別支援学校
7%
東京 幼稚園 東京学芸大学附属幼稚園小金井園舎
7%
東京 幼稚園 東京学芸大学附属幼稚園竹早園舎
7%
神奈川 特別支援学校 横浜国立大学教育学部附属特別支援学校
7%
長野 中学校 信州大学教育学部附属長野中学校
7%
長野 特別支援学校 信州大学教育学部附属特別支援学校
7%
長野 小学校 信州大学教育学部附属松本小学校
7%
長野 中学校 信州大学教育学部附属松本中学校
7%
富山 幼稚園 富山大学教育学部附属幼稚園
7%
富山 小学校 富山大学教育学部附属小学校
7%
富山 特別支援学校 富山大学教育学部附属特別支援学校
7%
石川 高等学校 金沢大学人間社会学域学校教育学類附属高等学校
7%
三重 幼稚園 三重大学教育学部附属幼稚園
7%
三重 小学校 三重大学教育学部附属小学校
7%
三重 中学校 三重大学教育学部附属中学校
7%
三重 特別支援学校 三重大学教育学部附属特別支援学校
7%
滋賀 特別支援学校 滋賀大学教育学部附属特別支援学校
7%
京都 小学校 京都教育大学附属桃山小学校
7%
大阪 特別支援学校 大阪教育大学附属特別支援学校
7%
兵庫 小学校 神戸大学附属小学校
7%
奈良 小学校 奈良教育大学附属小学校
7%
奈良 中等教育学校 奈良女子大学附属中等教育学校
7%
鳥取 中学校 鳥取大学附属中学校
7%
岡山 小学校 岡山大学教育学部附属小学校
7%
岡山 特別支援学校 岡山大学教育学部附属特別支援学校
7%
広島 小学校 広島大学附属東雲小学校
7%
広島 中学校 広島大学附属東雲中学校
7%
広島 幼稚園 広島大学附属幼稚園
7%
広島 幼稚園 広島大学附属三原幼稚園
7%
広島 小学校 広島大学附属三原小学校
7%
広島 中学校 広島大学附属三原中学校
7%
福岡 小学校 福岡教育大学附属福岡小学校
7%
福岡 中学校 福岡教育大学附属福岡中学校
7%
福岡 小学校 福岡教育大学附属久留米小学校
7%
福岡 中学校 福岡教育大学附属久留米中学校
7%
佐賀 幼稚園 佐賀大学教育学部附属幼稚園
7%
佐賀 小学校 佐賀大学教育学部附属小学校
7%
佐賀 中学校 佐賀大学教育学部附属中学校
7%
長崎 幼稚園 長崎大学教育学部附属幼稚園
7%
長崎 小学校 長崎大学教育学部附属小学校
7%
宮城 中学校 宮城教育大学附属中学校
4%
秋田 小学校 秋田大学教育文化学部附属小学校
4%
山形 幼稚園 山形大学附属幼稚園
4%
山形 小学校 山形大学附属小学校
4%
山形 中学校 山形大学附属中学校
4%
福島 幼稚園 福島大学附属幼稚園
4%
福島 小学校 福島大学附属小学校
4%
福島 中学校 福島大学附属中学校
4%
茨城 幼稚園 茨城大学教育学部附属幼稚園
4%
茨城 特別支援学校 筑波大学附属視覚特別支援学校
4%
茨城 特別支援学校 筑波大学附属聴覚特別支援学校
4%
茨城 特別支援学校 筑波大学附属桐が丘特別支援学校
4%
茨城 特別支援学校 筑波大学附属久里浜特別支援学校
4%
栃木 幼稚園 宇都宮大学共同教育学部附属幼稚園
4%
栃木 小学校 宇都宮大学共同教育学部附属小学校
4%
栃木 中学校 宇都宮大学共同教育学部附属中学校
4%
群馬 幼稚園 群馬大学共同教育学部附属幼稚園
4%
群馬 特別支援学校 群馬大学共同教育学部附属特別支援学校
4%
埼玉 特別支援学校 埼玉大学教育学部附属特別支援学校
4%
東京 高等学校 東京藝術大学音楽学部附属音楽高等学校
4%
東京 高等学校 東京科学大学附属科学技術高等学校
4%
東京 幼稚園 お茶の水女子大学附属幼稚園
4%
山梨 幼稚園 山梨大学教育学部附属幼稚園
4%
山梨 小学校 山梨大学教育学部附属小学校
4%
山梨 中学校 山梨大学教育学部附属中学校
4%
山梨 特別支援学校 山梨大学教育学部附属特別支援学校
4%
長野 幼稚園 信州大学教育学部附属幼稚園
4%
新潟 小学校 新潟大学附属新潟小学校
4%
新潟 中学校 新潟大学附属新潟中学校
4%
新潟 特別支援学校 新潟大学附属特別支援学校
4%
新潟 幼稚園 新潟大学附属幼稚園
4%
新潟 小学校 新潟大学附属長岡小学校
4%
新潟 中学校 新潟大学附属長岡中学校
4%
新潟 幼稚園 上越教育大学附属幼稚園
4%
新潟 小学校 上越教育大学附属小学校
4%
新潟 中学校 上越教育大学附属中学校
4%
岐阜 義務教育学校 岐阜大学教育学部附属小中学校
4%
静岡 小学校 静岡大学教育学部附属静岡小学校
4%
静岡 小学校 静岡大学教育学部附属浜松小学校
4%
静岡 中学校 静岡大学教育学部附属静岡中学校
4%
静岡 中学校 静岡大学教育学部附属島田中学校
4%
静岡 中学校 静岡大学教育学部附属浜松中学校
4%
静岡 特別支援学校 静岡大学教育学部附属特別支援学校
4%
静岡 幼稚園 静岡大学教育学部附属幼稚園
4%
愛知 中学校 名古屋大学教育学部附属中学校
4%
愛知 高等学校 名古屋大学教育学部附属高等学校
4%
愛知 幼稚園 愛知教育大学附属幼稚園
4%
愛知 小学校 愛知教育大学附属名古屋小学校
4%
愛知 小学校 愛知教育大学附属岡崎小学校
4%
愛知 中学校 愛知教育大学附属名古屋中学校
4%
愛知 中学校 愛知教育大学附属岡崎中学校
4%
愛知 高等学校 愛知教育大学附属高等学校
4%
愛知 特別支援学校 愛知教育大学附属特別支援学校
4%
富山 中学校 富山大学教育学部附属中学校
4%
石川 幼稚園 金沢大学人間社会学域学校教育学類附属幼稚園
4%
石川 小学校 金沢大学人間社会学域学校教育学類附属小学校
4%
石川 中学校 金沢大学人間社会学域学校教育学類附属中学校
4%
石川 特別支援学校 金沢大学人間社会学域学校教育学類附属特別支援学校
4%
福井 幼稚園 福井大学教育学部附属幼稚園
4%
福井 義務教育学校 福井大学教育学部附属義務教育学校
4%
福井 特別支援学校 福井大学教育学部附属特別支援学校
4%
滋賀 幼稚園 滋賀大学教育学部附属幼稚園
4%
滋賀 小学校 滋賀大学教育学部附属小学校
4%
滋賀 中学校 滋賀大学教育学部附属中学校
4%
京都 幼稚園 京都教育大学附属幼稚園
4%
京都 中学校 京都教育大学附属桃山中学校
4%
京都 義務教育学校 京都教育大学附属京都小中学校
4%
京都 高等学校 京都教育大学附属高等学校
4%
京都 特別支援学校 京都教育大学附属特別支援学校
4%
大阪 小学校 大阪教育大学附属天王寺小学校
4%
大阪 中学校 大阪教育大学附属天王寺中学校
4%
大阪 中学校 大阪教育大学附属池田中学校
4%
大阪 小学校 大阪教育大学附属平野小学校
4%
大阪 中学校 大阪教育大学附属平野中学校
4%
大阪 高等学校 大阪教育大学附属高等学校平野校舎
4%
大阪 幼稚園 大阪教育大学附属幼稚園
4%
兵庫 幼稚園 兵庫教育大学附属幼稚園
4%
兵庫 小学校 兵庫教育大学附属小学校
4%
兵庫 中学校 兵庫教育大学附属中学校
4%
兵庫 幼稚園 神戸大学附属幼稚園
4%
兵庫 特別支援学校 神戸大学附属特別支援学校
4%
奈良 認定こども園 奈良教育大学附属幼保連携型認定こども園
4%
奈良 中学校 奈良教育大学附属中学校
4%
和歌山 小学校 和歌山大学教育学部附属小学校
4%
和歌山 中学校 和歌山大学教育学部附属中学校
4%
和歌山 特別支援学校 和歌山大学教育学部附属特別支援学校
4%
鳥取 幼稚園 鳥取大学附属幼稚園
4%
鳥取 小学校 鳥取大学附属小学校
4%
鳥取 特別支援学校 鳥取大学附属特別支援学校
4%
島根 幼稚園 島根大学教育学部附属幼稚園
4%
島根 義務教育学校 島根大学教育学部附属義務教育学校
4%
岡山 幼稚園 岡山大学教育学部附属幼稚園
4%
山口 小学校 山口大学教育学部附属山口小学校
4%
山口 小学校 山口大学教育学部附属光小学校
4%
山口 中学校 山口大学教育学部附属山口中学校
4%
山口 中学校 山口大学教育学部附属光中学校
4%
山口 特別支援学校 山口大学教育学部附属特別支援学校
4%
山口 幼稚園 山口大学教育学部附属幼稚園
4%
徳島 幼稚園 鳴門教育大学附属幼稚園
4%
徳島 小学校 鳴門教育大学附属小学校
4%
徳島 中学校 鳴門教育大学附属中学校
4%
徳島 特別支援学校 鳴門教育大学附属特別支援学校
4%
香川 中学校 香川大学教育学部附属高松中学校
4%
香川 中学校 香川大学教育学部附属坂出中学校
4%
香川 小学校 香川大学教育学部附属高松小学校
4%
香川 小学校 香川大学教育学部附属坂出小学校
4%
香川 幼稚園 香川大学教育学部附属幼稚園高松園舎
4%
香川 幼稚園 香川大学教育学部附属幼稚園
4%
香川 特別支援学校 香川大学教育学部附属特別支援学校
4%
愛媛 幼稚園 愛媛大学教育学部附属幼稚園
4%
愛媛 小学校 愛媛大学教育学部附属小学校
4%
愛媛 中学校 愛媛大学教育学部附属中学校
4%
愛媛 高等学校 愛媛大学附属高等学校
4%
愛媛 特別支援学校 愛媛大学教育学部附属特別支援学校
4%
高知 幼稚園 高知大学教育学部附属幼稚園
4%
高知 小学校 高知大学教育学部附属小学校
4%
高知 中学校 高知大学教育学部附属中学校
4%
高知 特別支援学校 高知大学教育学部附属特別支援学校
4%
福岡 小学校 福岡教育大学附属小倉小学校
4%
福岡 中学校 福岡教育大学附属小倉中学校
4%
福岡 幼稚園 福岡教育大学附属幼稚園
4%
佐賀 特別支援学校 佐賀大学教育学部附属特別支援学校
4%
長崎 中学校 長崎大学教育学部附属中学校
4%
熊本 小学校 熊本大学教育学部附属小学校
4%
熊本 中学校 熊本大学教育学部附属中学校
4%
熊本 特別支援学校 熊本大学教育学部附属特別支援学校
4%
熊本 幼稚園 熊本大学教育学部附属幼稚園
4%
大分 幼稚園 大分大学教育学部附属幼稚園
4%
大分 小学校 大分大学教育学部附属小学校
4%
大分 中学校 大分大学教育学部附属中学校
4%
大分 特別支援学校 大分大学教育学部附属特別支援学校
4%
宮崎 幼稚園 宮崎大学教育学部附属幼稚園
4%
宮崎 小学校 宮崎大学教育学部附属小学校
4%
宮崎 中学校 宮崎大学教育学部附属中学校
4%
鹿児島 幼稚園 鹿児島大学教育学部附属幼稚園
4%
鹿児島 小学校 鹿児島大学教育学部附属小学校
4%
鹿児島 中学校 鹿児島大学教育学部附属中学校
4%
鹿児島 特別支援学校 鹿児島大学教育学部附属特別支援学校
4%
沖縄 小学校 琉球大学附属小学校
4%
沖縄 中学校 琉球大学附属中学校
4%
栃木 特別支援学校 宇都宮大学共同教育学部特別支援学校
0%
奈良 小学校 奈良女子大学附属附属小学校
0%
奈良 幼稚園 奈良女子大学附属附属幼稚園
0%
No matching quizzes found
Score Distribution
Percent of People with Each Score
Percentile by Number Answered
Your Score History
You have not taken this quiz